Webová aplikácia pre vyhľadávanie učiteľov a trénerov

Salvato in:
Dettagli Bibliografici
Autore principale: Ládi, Tibor (Autore)
Altri autori: Haffner, Oto (Relatore della tesi)
Natura: Manoscritto Libro
Lingua:slovacco
Pubblicazione: Bratislava : STU v Bratislave FEI, 2023
Soggetti:
Accesso online:https://opac.crzp.sk/?fn=detailBiblioFormChildKJMG7&sid=08878EB2E7E37CD0989273C0752B&seo=CRZP-detail-kniha
Tags: Aggiungi Tag
Nessun Tag, puoi essere il primo ad aggiungerne!!

MARC

LEADER 00000ntm a22000003a 4500
001 stuzp86561
003 SK-STU
005 20241113124051.2
007 ta
008 150427s2015----xo-----f-mn---000-0-slo-d
040 |a STU  |b slo 
041 0 |a slo 
044 |a xo 
100 1 |a Ládi, Tibor  |u 030400  |4 aut  |U FEI Fakulta elektrotechniky a informatiky  |T FEI Ústav automobilovej mechatroniky  |X 97854  |U E400  |Y 642  |7 97854 
242 0 1 |a Web application for finding teachers and trainers  |y eng 
245 1 0 |a Webová aplikácia pre vyhľadávanie učiteľov a trénerov 
260 |a Bratislava :  |b STU v Bratislave FEI,  |c 2023 
300 |a 60 s., príl. 
650 4 |a webová aplikácia  |2 slo 
650 4 |a angular  |2 slo 
650 4 |a vyhľadávanie učiteľov a trénerov  |2 slo 
650 4 |a web application  |2 eng 
650 4 |a angular  |2 eng 
650 4 |a searching for teachers and trainers  |2 eng 
700 1 |a Haffner, Oto  |u 030400  |k Z1  |4 ths  |U FEI Fakulta elektrotechniky a informatiky  |T FEI Ústav automobilovej mechatroniky  |X 56107  |U E400  |Y 642  |7 A000056107 
856 4 |u https://opac.crzp.sk/?fn=detailBiblioFormChildKJMG7&sid=08878EB2E7E37CD0989273C0752B&seo=CRZP-detail-kniha